El balcón
Збережено в:
| Автор: | |
|---|---|
| Формат: | Книга |
| Мова: | Іспанська |
| Опубліковано: |
Barcelona
Losada
2000
|
| Редагування: | 1a. ed |
| Серія: | Colección Clásicos Universales, 77
|
| Предмети: | |
| Теги: |
Додати тег
Немає тегів, Будьте першим, хто поставить тег для цього запису!
|
MARC
| LEADER | 00000nam a2200000 a 4500 | ||
|---|---|---|---|
| 001 | UCK2737 | ||
| 003 | CL-VaPUC | ||
| 008 | 050318e20000000SP |||||||||||||||||spa|d | ||
| 020 | |a 9500390256 | ||
| 082 | 0 | 4 | |a 842 |b GEN |2 21 |
| 100 | 0 | |a Genet, Jean |e author |9 266791 | |
| 245 | 1 | 3 | |a El balcón |
| 246 | 1 | 0 | |a Severa vigilancia |
| 246 | 1 | 4 | |a Las sirvientas |
| 250 | |a 1a. ed | ||
| 300 | |a 231 p | ||
| 942 | |c BK | ||
| 945 | |d 20050318 00:00:00 |a cmena | ||
| 260 | |a Barcelona |b Losada |c 2000 | ||
| 650 | 0 | |a Teatro francés |9 265089 | |
| 650 | 7 | |a DRAMAS FRANCESES |2 CL-VaPUC |9 267189 | |
| 650 | 0 | |a Literatura francesa |9 266330 | |
| 583 | |a last modification |c 20050318 00:00:00 |k Rodrigo Vera | ||
| 490 | 0 | |a Colección Clásicos Universales, 77 | |
| 999 | |c 312196 |d 312194 | ||
| 952 | |0 0 |1 0 |4 0 |6 842_000000000000000_GEN_2000 |7 0 |8 ? |9 382111 |a BIBEDU |b BIBEDU |d 2019-11-21 |i 4099338 |o 842 GEN 2000 |p 4099338 |r 2019-11-21 |w 2019-11-21 |y BK |k LIT | ||